Mary olaszul tanul
Elmentve itt :
| Szerző: | |
|---|---|
| Dokumentumtípus: | Cikk |
| Megjelent: |
1992-06-19
|
| Sorozat: | Délmagyarország
82 No. 144 |
| Kulcsszavak: | cipőgyár |
| Online Access: | http://dmarchiv.bibl.u-szeged.hu/104726 |
| LEADER | 00439nab a2200157 i 4500 | ||
|---|---|---|---|
| 001 | delm104726 | ||
| 005 | 20191002122655.0 | ||
| 008 | 191002s1992 hu o 0|| hun d | ||
| 040 | |a SZTE Délmagyarország Archívum |b hun | ||
| 041 | |a hun | ||
| 100 | 1 | |a Keczer Gabriella | |
| 245 | 1 | 0 | |a Mary olaszul tanul |h [elektronikus dokumentum] / |c Keczer Gabriella |
| 260 | |c 1992-06-19 | ||
| 300 | |a 3 | ||
| 490 | 0 | |a Délmagyarország |v 82 No. 144 | |
| 695 | |a cipőgyár | ||